[Event "Mississauga Spring op U2000"]
[Site "Mississauga"]
[Date "2019.03.24"]
[Round "5"]
[White "Orozco, Joey"]
[Black "He, Emma"]
[Result "1/2-1/2"]
[WhiteElo "1820"]
[BlackElo "1920"]
[PlyCount "49"]
[EventDate "2019.03.23"]
[EventType "swiss"]
[EventRounds "5"]
[EventCountry "CAN"]
[SourceTitle "EXT 2022"]
[Source "ChessBase"]
[SourceDate "2021.10.06"]
[SourceVersion "1"]
[SourceVersionDate "2021.10.06"]
[SourceQuality "1"]

1. d4 d5 2. Nf3 Nf6 3. e3 e6 4. Bd3 Nbd7 5. Nbd2 Bd6 6. 0-0 0-0 7. e4 dxe4 8. Nxe4 Nxe4 9. Bxe4 Nf6 10. Bd3 b6 11. Re1 Bb7 12. a3 c5 13. dxc5 Bxc5 14. b4 Be7 15. Bb2 Nd5 16. c4 Bf6 17. Bxf6 Nxf6 18. Qe2 Qc7 19. Ne5 Rfd8 20. Rad1 h6 21. f4 Nd7 22. Nxd7 Rxd7 23. Qe5 Qc6 24. Qe2 Rad8 25. Bc2 1/2-1/2

[Event "Canadian op U1800"]
[Site "Sault Ste Marie"]
[Date "2017.07.13"]
[Round "6.42"]
[White "Kuttner, Amos"]
[Black "Orozco, Joey"]
[Result "1/2-1/2"]
[WhiteElo "1706"]
[BlackElo "1740"]
[PlyCount "83"]
[EventDate "2017.07.08"]
[EventType "swiss"]
[EventRounds "9"]
[EventCountry "CAN"]
[SourceTitle "EXT 2022"]
[Source "ChessBase"]
[SourceDate "2021.10.06"]
[SourceVersion "1"]
[SourceVersionDate "2021.10.06"]
[SourceQuality "1"]

1. e4 e6 2. d4 d5 3. e5 c5 4. c3 Qb6 5. Nf3 Nc6 6. Be2 Nh6 7. Na3 cxd4 8. cxd4 Bxa3 9. bxa3 Nf5 10. Be3 Qa5+ 11. Qd2 Nxe3 12. fxe3 Qxa3 13. 0-0 Qb4 14. Qc2 Qa3 15. Qd2 h6 16. Ne1 Qe7 17. Nd3 0-0 18. Nf4 Bd7 19. Nh5 Qb4 20. Qd3 Qc4 21. Qxc4 dxc4 22. Bxc4 Na5 23. Bd3 Rac8 24. Rac1 Rxc1 25. Rxc1 Rc8 26. Rxc8+ Bxc8 27. Ng3 f5 28. Ne2 Bd7 29. Kf2 Kf7 30. Nc3 a6 31. h3 Nc6 32. g4 Nb4 33. Be2 Nc6 34. Bf3 Na5 35. a4 g6 36. gxf5 gxf5 37. e4 fxe4 38. Bxe4 Bc6 39. Bxc6 Nxc6 40. Ke3 b6 41. Ke4 Nb4 42. Kf4 1/2-1/2

[Event "Canadian op U1800"]
[Site "Sault Ste Marie"]
[Date "2017.07.12"]
[Round "4.41"]
[White "Orozco, Joey"]
[Black "Wang, Kai"]
[Result "1/2-1/2"]
[WhiteElo "1740"]
[BlackElo "1679"]
[PlyCount "84"]
[EventDate "2017.07.08"]
[EventType "swiss"]
[EventRounds "9"]
[EventCountry "CAN"]
[SourceTitle "EXT 2022"]
[Source "ChessBase"]
[SourceDate "2021.10.06"]
[SourceVersion "1"]
[SourceVersionDate "2021.10.06"]
[SourceQuality "1"]

1. c4 e5 2. Nc3 Nc6 3. a3 g6 4. g3 Bg7 5. Bg2 Nge7 6. e4 0-0 7. Nge2 f5 8. d3 fxe4 9. Bxe4 d6 10. Bg2 Bg4 11. h3 Bd7 12. 0-0 Qc8 13. Kh2 Nf5 14. Nd5 Kh8 15. b4 e4 16. Ra2 exd3 17. Qxd3 Ne5 18. Qc2 Be6 19. f4 Nxc4 20. Qxc4 c6 21. Qd3 cxd5 22. Bxd5 Bxd5 23. Qxd5 Re8 24. Qd3 Qe6 25. Nc3 Nd4 26. Rg2 Rac8 27. Nb5 Qd5 28. Nxd4 Qxd4 29. Qxd4 Bxd4 30. Rd1 Bg7 31. Bb2 Re6 32. Bxg7+ Kxg7 33. Rgd2 Kf7 34. Rxd6 Re2+ 35. Kg1 Rcc2 36. Rd7+ Kg8 37. Rb1 Rg2+ 38. Kf1 Rxg3 39. Rxb7 Rxh3 40. Kg1 Rg3+ 41. Kh1 g5 42. fxg5 Rh3+ 1/2-1/2

[Event "Canadian op U1800"]
[Site "Sault Ste Marie"]
[Date "2017.07.11"]
[Round "2.42"]
[White "Orozco, Joey"]
[Black "Macinnis, Jamie"]
[Result "1-0"]
[WhiteElo "1740"]
[BlackElo "1691"]
[PlyCount "116"]
[EventDate "2017.07.08"]
[EventType "swiss"]
[EventRounds "9"]
[EventCountry "CAN"]
[SourceTitle "EXT 2022"]
[Source "ChessBase"]
[SourceDate "2021.10.06"]
[SourceVersion "1"]
[SourceVersionDate "2021.10.06"]
[SourceQuality "1"]

1. c4 Nf6 2. Nc3 g6 3. e4 d6 4. d4 Bg7 5. f3 0-0 6. Be3 c5 7. dxc5 dxc5 8. Qxd8 Rxd8 9. Bxc5 Nc6 10. Nge2 b6 11. Ba3 e6 12. Rd1 Bb7 13. b3 Ne5 14. Nc1 Nh5 15. N3e2 Rxd1+ 16. Kxd1 Rd8+ 17. Kc2 Bh6 18. Bb4 Nc6 19. Bc3 Bg7 20. Nd3 Nf6 21. g3 Nd7 22. Bxg7 Kxg7 23. Bg2 f5 24. Ndf4 Kf6 25. exf5 gxf5 26. Rd1 Nc5 27. Rxd8 Nxd8 28. Nd3 Nd7 29. b4 Nf7 30. Kc3 Ng5 31. Ne1 Nf7 32. f4 Nd6 33. Bxb7 Nxb7 34. Nd3 h5 35. Kd4 a5 36. a3 Ke7 37. Ne5 axb4 38. axb4 Nb8 39. Nc3 Na6 40. Nd3 Kf6 41. Na4 b5 42. cxb5 Nc7 43. b6 Nb5+ 44. Kc4 N5d6+ 45. Kb3 Ke7 46. Nac5 Nd8 47. Ka4 Nc6 48. b5 Nb8 49. Ne5 Ne4 50. Nxe4 fxe4 51. Kb4 e3 52. Kc3 Kd6 53. Kd3 Kc5 54. Nc6 Nxc6 55. bxc6 Kxb6 56. Kxe3 Kxc6 57. Ke4 Kd6 58. f5 Ke7 1-0